Johannine Social Identity Formation after the Fall of the Jerusalem Temple : Negotiating Identity in Crisis /
In Johannine Social Identity Formation after the Fall of the Jerusalem Temple Christopher Porter reads the Fourth Gospel through the lens of social identity theory as means of reconciling the social dislocation and trauma of the destruction of the Jerusalem temple. Analysing the Fourth Gospel in con...
المؤلف الرئيسي:
التنسيق: كتاب الكتروني
اللغة: English
منشور في:
Leiden; Boston :
BRILL,
2022.
سلاسل:
Biblical Interpretation Series ;
194.
الموضوعات:
الوصول للمادة أونلاين: Login to view Source
الوسوم: إضافة وسم
رقم الطلب: BM655
| LEADER | 02559nam a22004458i 4500 | ||
|---|---|---|---|
| 001 | BRILL9789004469822 | ||
| 003 | nllekb | ||
| 005 | 20230510123212.0 | ||
| 006 | m d | ||
| 007 | cr un uuuua | ||
| 008 | 200716s2022 ne sb 001 0 eng d | ||
| 020 | |a 9789004469822 |q (electronic book) | ||
| 020 | |a 9789004469815 |q (print) | ||
| 024 | 7 | |a 10.1163/9789004469822 |2 DOI | |
| 035 | |z (OCoLC)1256628399 | ||
| 040 | |a NL-LeKB |c NL-LeKB |e rda | ||
| 050 | 4 | |a BM655 | |
| 072 | 7 | |a HRCF2 |2 bicssc | |
| 072 | 7 | |a REL |x 006100 | |
| 082 | 0 | 4 | |a 296.491 |2 23 |
| 100 | 1 | |a Porter, Christopher A., |e author. | |
| 245 | 1 | 0 | |a Johannine Social Identity Formation after the Fall of the Jerusalem Temple : |b Negotiating Identity in Crisis / |c Christopher A. Porter. |
| 246 | 3 | |a Negotiating Identity in Crisis | |
| 264 | 1 | |a Leiden; |a Boston : |b BRILL, |c 2022. | |
| 300 | |a 1 online resource. | ||
| 336 | |a text |b txt |2 rdacontent | ||
| 337 | |a computer |b c |2 rdamedia | ||
| 338 | |a online resource |2 rdacarrier | ||
| 490 | 1 | |a Biblical Interpretation Series ; |v 194 | |
| 504 | |a Includes bibliographical references and index. | ||
| 520 | |a In Johannine Social Identity Formation after the Fall of the Jerusalem Temple Christopher Porter reads the Fourth Gospel through the lens of social identity theory as means of reconciling the social dislocation and trauma of the destruction of the Jerusalem temple. Analysing the Fourth Gospel in conversation with other temple-removed texts of Qumran, Philo, and Josephus the gospel's intent to renegotiate cultic life without the temple can be seen. Through this analysis it is argued that the Fourth Gospel primarily functions as an intra-mural Jewish text, attempting to negotiate the formation of a Jesus-follower social identity in direct continuity with earlier Jewish shared social narratives. Finally, this work reviews the Johannine Community as an outcome of the Gospel identity formation. | ||
| 588 | |a Description based on print version record. | ||
| 650 | 0 | |a Christianity |x Essence, genius, nature. | |
| 650 | 0 | |a Temple of Jerusalem (Jerusalem) | |
| 776 | 0 | 8 | |i Print version: |t Johannine Social Identity Formation after the Fall of the Jerusalem Temple : Negotiating Identity in Crisis. |d Leiden ; Boston : BRILL, 2022 |z 9789004469815 |
| 830 | 0 | |a Biblical Interpretation Series ; |v 194. | |
| 856 | 4 | |z DOI: |u http://dx.doi.org/10.1163/9789004469822 | |
| 942 | |2 lcc |c EBOOK | ||
| 952 | |0 0 |1 0 |2 lcc |4 0 |6 BM0655 |7 1 |9 47230 |a BRILL |b BRILL |d 2023-05-10 |l 0 |o BM655 |r 2023-05-10 00:00:00 |w 2023-05-10 |y EBOOK | ||
| 999 | |c 52736 |d 52736 | ||
